000 00787nam a2200217Ii 4500
003 JO-AjNU
008 230605s9999||||xx |||||||||||||| ||und||
017 _a2010/3/742
040 _aJO-AjNU
_bara
_erda
_cJO-AjNU
041 _aara
050 1 4 _aLB1139 2011
100 3 _aجاب الله،علي سعد مؤلف/مكاوي،سيد فهمي م.مشارك/عبد الباري،ماهر شعبان م.مشارك,
_eauthor
_927915
245 0 0 _aتعلم القراءة والكتابة:أسسه وإجراءاته التربوية
250 _aط1
264 3 1 _aعمان:دار المسيرة،2011
300 _a304ص
336 _atext
_btxt
_2rdacontent
337 _aunmediated
_bn
_2rdamedia
338 _avolume
_bnc
_2rdacarrier
650 4 _aالأطفال-تعليم
_927916
999 _aA10764
_c14332
_d14332